Notes de pétrographie, (Record no. 30146)

MARC details
000 -LEADER
fixed length control field 00813cam a22002651 4500
001 - CONTROL NUMBER
control field gs 65000491
003 - CONTROL NUMBER IDENTIFIER
control field DLC
005 - DATE AND TIME OF LATEST TRANSACTION
control field 20260227111418.0
008 - FIXED-LENGTH DATA ELEMENTS--GENERAL INFORMATION
fixed length control field 810209s1939 fr b 000 0 fre c
010 ## - LIBRARY OF CONGRESS CONTROL NUMBER
LC control number gs 65000491
035 ## - SYSTEM CONTROL NUMBER
System control number (OCoLC)7111588
040 ## - CATALOGING SOURCE
Original cataloging agency U.S. Geol. Survey. Libr.
Transcribing agency TxU
Modifying agency TxU
-- DLC
042 ## - AUTHENTICATION CODE
Authentication code premarc
050 00 - LIBRARY OF CONGRESS CALL NUMBER
Classification number QE431
Item number .D8
100 1# - MAIN ENTRY--PERSONAL NAME
Personal name Durand, Julien A.
245 10 - TITLE STATEMENT
Title Notes de pétrographie,
Statement of responsibility, etc. par J. Durand.
260 ## - PUBLICATION, DISTRIBUTION, ETC.
Place of publication, distribution, etc. Paris,
Date of publication, distribution, etc. 1939.
300 ## - PHYSICAL DESCRIPTION
Extent 81 p.
Dimensions 25 cm.
490 1# - SERIES STATEMENT
Series statement Publications du Bureau d'études géologiques et minières coloniales,
Volume/sequential designation no 14
504 ## - BIBLIOGRAPHY, ETC. NOTE
Bibliography, etc. note Bibliography: p. [75]-81.
650 #0 - SUBJECT ADDED ENTRY--TOPICAL TERM
Topical term or geographic name entry element Petrology.
650 #0 - SUBJECT ADDED ENTRY--TOPICAL TERM
Topical term or geographic name entry element Igneous rocks.
650 #0 - SUBJECT ADDED ENTRY--TOPICAL TERM
Topical term or geographic name entry element Rocks
General subdivision Analysis.
810 2# - SERIES ADDED ENTRY--CORPORATE NAME
Corporate name or jurisdiction name as entry element Bureau d'études géologiques et minières, Paris.
Title of a work Publications ;
Volume/sequential designation no 14.

No items available.

Powered by Koha